书目信息 |
| 题名: |
药物分析
|
|
| 作者: | 周宁波 , 李玉杰 主编 | |
| 分册: | ||
| 出版信息: | 北京 化学工业出版社 2017.2 |
|
| 页数: | 268页 | |
| 开本: | 26cm | |
| 丛书名: | ||
| 单 册: | ||
| 中图分类: | R917 | |
| 科图分类: | ||
| 主题词: | 药物分析--高等学校--教材 | |
| 电子资源: | ||
| ISBN: | 978-7-122-28668-0 | |
| 000 | 00921nam0 2200277 450 | |
| 001 | 0400003408 | |
| 005 | 20171026092935.26 | |
| 010 | @a978-7-122-28668-0@dCNY35.00 | |
| 100 | @a20170328d2017 em y0chiy50 ea | |
| 101 | 0 | @achi |
| 102 | @aCN@b110000 | |
| 105 | @ay z 000yy | |
| 106 | @ar | |
| 200 | 1 | @a药物分析@9yao wu fen xi@f周宁波,李玉杰主编 |
| 205 | @a第2版 | |
| 210 | @a北京@c化学工业出版社@d2017.2 | |
| 215 | @a268页@d26cm | |
| 300 | @a普通高等教育“十三五”规划教材 | |
| 330 | @a本书主要内容包括:药物分析的基本知识,药物检验工作的基本程序,药品的质量分析方法,药物杂质的检验方法,各类常见药物的化学结构、理化性质和分析方法之间的关系。 | |
| 334 | @a获中国石油和化学工业优秀教材奖 | |
| 606 | 0 | @a药物分析@x高等学校@j教材 |
| 690 | @aR917@v5 | |
| 701 | 0 | @a周宁波@9zhou ning bo@4主编 |
| 701 | 0 | @a李玉杰@9li yu jie@4主编 |
| 801 | 0 | @aCN@b91MARC@c20171022 |
| 905 | @b1033726-30@dR917@f5@e125=2 | |
| 药物分析/周宁波,李玉杰主编.-第2版.-北京:化学工业出版社,2017.2 |
| 268页;26cm |
| 普通高等教育“十三五”规划教材 |
| ISBN 978-7-122-28668-0:CNY35.00 |
| 本书主要内容包括:药物分析的基本知识,药物检验工作的基本程序,药品的质量分析方法,药物杂质的检验方法,各类常见药物的化学结构、理化性质和分析方法之间的关系。 |
| ● |
| 相关链接 |
|
|
|
|
正题名:药物分析
索取号:R917/125=2
 
预约/预借
| 序号 | 登录号 | 条形码 | 馆藏地/架位号 | 状态 | 备注 |
| 1 | 1033726 | 210337269 | 第二样本阅览室/ [索取号:R917/125=2] | 在馆 | |
| 2 | 1033727 | 210337278 | 密集书库-生命科学系/ [索取号:R917/125=2] | 在馆 | |
| 3 | 1033728 | 210337287 | 第三借阅区/ [索取号:R917/125=2] | 在馆 | |
| 4 | 1033729 | 210337296 | 第三借阅区/ [索取号:R917/125=2] | 在馆 | |
| 5 | 1033730 | 210337303 | 第三借阅区/ [索取号:R917/125=2] | 在馆 |